PREMI DEI MONDIALI - Statistics

Statistiche generali
  • Questo quiz è stato fatto 556 volte
  • Il punteggio medio è 28 su 64
Statistiche sulle risposte
ANNO PREMIO NAZIONE Risposta % Corretto
2022 MIGLIOR GIOCATORE ARGENTINA MESSI
100%
2014 MIGLIOR GIOCATORE ARGENTINA MESSI
100%
2022 MIGLIOR MARCATORE FRANCIA MBAPPE
98%
2018 MIGLIOR GIOVANE FRANCIA MBAPPE
98%
2018 MIGLIOR GIOCATORE CROAZIA MODRIC
95%
2022 MIGLIOR PORTIERE ARGENTINA EMILIANO MARTINEZ
94%
2018 MIGLIOR MARCATORE INGHILTERRA KANE
89%
2018 MIGLIOR PORTIERE BELGIO COURTOIS
86%
2014 MIGLIOR PORTIERE GERMANIA NEUER
85%
2006 MIGLIOR PORTIERE ITALIA BUFFON
82%
2002 MIGLIOR MARCATORE BRASILE RONALDO
80%
1998 MIGLIOR GIOCATORE BRASILE RONALDO
80%
2006 MIGLIOR GIOCATORE FRANCIA ZIDANE
78%
2014 MIGLIOR MARCATORE COLOMBIA JAMES RODRIGUEZ
77%
2010 MIGLIOR PORTIERE SPAGNA CASILLAS
71%
2006 MIGLIOR MARCATORE GERMANIA KLOSE
70%
2022 MIGLIOR GIOVANE ARGENTINA ENZO FERNANDEZ
69%
MIGLIOR MARCATORE GERMANIA MULLER
67%
2010 MIGLIOR GIOVANE GERMANIA MULLER
67%
1970 MIGLIOR MARCATORE GERMANIA MULLER
67%
2010 MIGLIOR GIOCATORE URUGUAY FORLAN
65%
2010 MIGLIOR MARCATORE URUGUAY FORLAN
65%
2014 MIGLIOR GIOVANE FRANCIA POGBA
59%
MIGLIOR MARCATORE SPAGNA VILLA
54%
2002 MIGLIOR GIOCATORE GERMANIA KAHN
53%
2002 MIGLIOR PORTIERE GERMANIA KAHN
53%
1986 MIGLIOR GIOCATORE ARGENTINA MARADONA
53%
1982 MIGLIOR GIOCATORE ITALIA ROSSI
52%
1982 MIGLIOR MARCATORE ITALIA ROSSI
52%
1970 MIGLIOR GIOCATORE BRASILE PELE
47%
1982 MIGLIOR PORTIERE ITALIA ZOFF
44%
1998 MIGLIOR PORTIERE FRANCIA BARTHEZ
41%
MIGLIOR MARCATORE OLANDA SNEIJDER
37%
2006 MIGLIOR GIOVANE GERMANI PODOLSKI
36%
1998 MIGLIOR MARCATORE CROAZIA SUKER
36%
1994 MIGLIOR GIOCATORE BRASILE ROMARIO
35%
1990 MIGLIOR GIOCATORE ITALIA SCHILLACI
34%
1990 MIGLIOR MARCATORE ITALIA SCHILLACI
34%
1966 MIGLIOR MARCATORE PORTOGALLO EUSEBIO
28%
1998 MIGLIOR GIOVANE INGHILTERRA OWEN
28%
MIGLIOR MARCATORE BULGARIA STOICKOV
24%
2002 MIGLIOR GIOVANE USA DONOVAN
22%
1986 MIGLIOR MARCATORE INGHILTERRA LINEKER
21%
1966 MIGLIOR GIOCATORE INGHILTERRA CHARLTON
19%
1978 MIGLIOR GIOCATORE ARGENTINA KEMPES
15%
1978 MIGLIOR MARCATORE ARGENTINA KEMPES
15%
1974 MIGLIOR GIOCATORE OLANDA CRUIJFF
14%
1966 MIGLIOR PORTIERE INGHILTERRA BANKS
11%
1978 MIGLIOR GIOVANE ITALIA CABRINI
10%
1974 MIGLIOR MARCATORE POLONIA LATO
9%
1994 MIGLIOR PORTIERE BELGIO PREUD HOMME
9%
1970 MIGLIOR GIOVANE PERU CUBILLAS
5%
1974 MIGLIOR PORTIERE GERMANIA MAIER
5%
1994 MIGLIOR MARCATORE RUSSIA SALENKO
5%
1994 MIGLIOR GIOVANE OLANDA OVERMARS
4%
1990 MIGLIOR PORTIERE ARGENTINA GOYCOCHEA
3%
1990 MIGLIOR GIOVANE YUGOSLAVIA PROSINECKI
3%
1986 MIGLIOR GIOVANE BELGIO SCIFO
3%
1982 MIGLIOR GIOVANE FRANCIA AMOROS
2%
1978 MIGLIOR PORTIERE ARGENTINA FILLOL
2%
1986 MIGLIOR PORTIERE BELGIO PFAFF
2%
1974 MIGLIOR GIOVANE POLONIA ZMUDA
2%
1970 MIGLIOR PORTIERE URUGUAY MAZURKIEWICZ
1%
1966 MIGLIOR GIOVANE GERMANIA BECKENABAUER
0%
Nessun quiz corrispondente trovato
Distribuzione punteggi
Percentuale di utenti per punteggio
Percentile per numero di risposta
I tuoi punteggi nel tempo
Non hai fatto questo quiz